000 01216cad a22003015a 4500
001 L143371
008 080430s2007 xxk f 100 0 eng d
035 _a(Sirsi) u143371
041 0 _aeng
050 0 4 _a346.41043 $2 18
100 1 _aMarshall, Hazel
111 2 _aAnnual Conference of the Property Litigation Association
_b2007
245 0 0 _aAnnual conference of the Property Litigation Association
_bKeble College, Oxford
_h[electronic resource]
260 _a[S.l.]
_bPLA
_c2007
505 2 _aEquitable remedies in the urban jungle -- Case law kaleidoscope: a review of some of the year's significant cases -- Can the developer use the right of way? -- Rights of light: the law and practice
520 _aCollection of conference papers from the Property Litigation Association's 2007 annual conference.
521 2 _aAdvanced
590 _aKA
651 4 _aUnited Kingdom
_y
690 _aPROPERTY
700 1 _aJohnson, Edwin
700 1 _aChambers, Maitland
700 1 _aSmall, Jonathan
700 1 _aGaunt, Jonathan
700 1 _aPatman, Delva
856 4 0 _uhttps://www.pla.org.uk/library/conference_papers
_zView the conference papers free of charge at www.pla.org.uk...
942 _n0
999 _c108135
_d108135